Život nie je páperie rozhovor s jubilujúcim Jozefom Bobom

Bibliographic Details
Main Authors: Maťovčík, Augustín, 1937- (ain), Bob, Jozef, 1935-2010 (Author)
Format: Article
Language:Slovak
PhysicalDescription:Fotogr.
ISSN:0862-5999
Subjects:

MARC

LEADER 00000nab a2200000 a 4500
001 vtls000743678
003 SK-MaSNL
005 20260304104700.0
008 250429c2000 xo 0 slo
015 |a SNBRB2001/01-02248 
035 |a CLN000095515 
035 |a urn:nbn:sk:snk-abahdh 
035 |a (urnnbn)urn:nbn:sk:snk:ar-008c18 
035 |a (uuid)9c99e2b4-8051-4394-93c3-02af5ac6a511 
040 |a SNKBUCL  |b slo  |c SNKBUCL  |e AACR2 
041 0 |a slo 
044 |a xo  |c SK 
080 |a 82:929:885.4  |2 1997 
080 |a 885.4:929  |2 1997 
080 |a 929 Bob, Jozef  |2 1997 
100 1 |a Maťovčík, Augustín,  |d 1937-  |4 ain  |9 98490 
245 1 0 |a Život nie je páperie  |b rozhovor s jubilujúcim Jozefom Bobom  |c [zhovára sa] Augustín Maťovčík 
300 |b Fotogr. 
600 1 7 |a Bob, Jozef,  |d 1935-2010  |2 snkbucl  |9 198749 
655 7 |a články z novín a časopisov  |2 snkbucl  |9 267496 
700 1 |a Bob, Jozef,  |d 1935-2010  |4 aut  |9 198749 
773 0 |t Literárny týždenník  |g Roč. 13, č. 36 (2000), s. 1 a 3  |x 0862-5999 
850 |a Slovenská národná knižnica 
852 |a Slovenská národná knižnica 
954 |a odborná, vedecká literatúra pôvodná (slovenská)  |2 lita 
958 |a article14 
958 |a LX 
958 |a BX 
958 |a SK 
958 |a OND 
958 |a EUIPO 
992 |a RBX 
999 |c 2852467  |d 2854397